00547nam a22001697a 4500003000400000005001700004008004100021020002200062040003200084100002000116245007400136250001200210260011500222300001100337650001600348650001300364OSt20251212164524.0251212b ||||| |||| 00| 0 spa d a978-970-31-0876-3 cBiblioteca Ernesto Sábato aBartra, Armando aEl hombre de hierrob: los límites sociales y naturales del capital a1a. ed. aMéxicobUniversidad Autónoma de la ciudad de México ; ITACA ; Universidad Autónoma Metropolitanac2008 a213 p. aCAPITALISMO aLUDDISMO